header

Defining culinary authority (Record no. 70692)

MARC details
000 -LEADER
fixed length control field 01502nam a2200385Ia 4500
100 1# - MAIN ENTRY--AUTHOR NAME
Personal name Davis, Jennifer J.,
245 10 - TITLE STATEMENT
Title Defining culinary authority
260 ## - PUBLICATION, DISTRIBUTION, ETC. (IMPRINT)
Place of publication Baton Rouge :
Name of publisher Louisiana State University Press,
Year of publication 2013.
300 ## - PHYSICAL DESCRIPTION
Number of Pages x, 246 p.
650 #0 - SUBJECT ADDED ENTRY--TOPICAL TERM
Topical Term Gastronomy
Topical Term Cooks
Topical Term Cooking
Topical Term Food habits
Topical Term Cooking, French.
Topical Term Cookbooks.
856 40 - ELECTRONIC LOCATION AND ACCESS
Uniform Resource Identifier http://site.ebrary.com/lib/rucke/Doc?id=10632289

No items available.

© 2026 Rongo University
Contact us: librarian | system librarian | Rongo university